Friend : (Record no. 22449)

000 -LEADER
fixed length control field 01345nam a22002897a 4500
007 - PHYSICAL DESCRIPTION FIXED FIELD--GENERAL INFORMATION
fixed length control field vr unnnnuuu
008 - FIXED-LENGTH DATA ELEMENTS--GENERAL INFORMATION
fixed length control field 260415b xxu||||| |||| 00| 0 eng d
040 ## - CATALOGING SOURCE
Transcribing agency Cagayan State University
082 ## - DEWEY DECIMAL CLASSIFICATION NUMBER
Classification number 791.4572
245 ## - TITLE STATEMENT
Title Friend :
Remainder of title the reunion
Statement of responsibility, etc directed by Russell Norman, Ben Winston;
written by David Crane, Marta Kauffman;
stars Jennifer Aniston, Courteney Cox, Lisa Kudrow
260 ## - PUBLICATION, DISTRIBUTION, ETC. (IMPRINT)
Place of publication, distribution, etc United States:
Name of publisher, distributor, etc Bright/Kauffman/Crane production-Fulwell 73-HBO Max;
Date of publication, distribution, etc 2021.
300 ## - PHYSICAL DESCRIPTION
Extent 1 videofile (ca. 104 mins)
Other physical details sound color
500 ## - GENERAL NOTE
General note Copyright Claimant: Warner Bros. Discovery. Date of Creation: 2021, Date of Publication: May 27, 2021
500 ## - GENERAL NOTE
General note Summary derived from IMDb and Rotten Tomatoes Web site
520 ## - SUMMARY, ETC.
Summary, etc The original cast of the hit sitcom Friends reunites after 17 years for a once in a lifetime celebration. They return to the original sets to share memories, discuss the making of the show, and meet with special guests.
521 ## - TARGET AUDIENCE NOTE
Target audience note TV-14
650 ## - SUBJECT ADDED ENTRY--TOPICAL TERM
Topical term or geographic name as entry element Television comedies
655 ## - INDEX TERM--GENRE/FORM
Genre/form data or focus term Televisiob program
700 ## - ADDED ENTRY--PERSONAL NAME
Personal name Norman, Russell, director.
700 ## - ADDED ENTRY--PERSONAL NAME
Personal name Crane, David, writer.
700 ## - ADDED ENTRY--PERSONAL NAME
Personal name K auffman, Marta, writer.
700 ## - ADDED ENTRY--PERSONAL NAME
Personal name Winston, Ben, director
700 ## - ADDED ENTRY--PERSONAL NAME
Personal name Aniston, Jennifer, star.
700 ## - ADDED ENTRY--PERSONAL NAME
Personal name Cox, Courteney, star.
700 ## - ADDED ENTRY--PERSONAL NAME
Personal name Kudrow, Lisa, star.
942 ## - ADDED ENTRY ELEMENTS (KOHA)
Source of classification or shelving scheme
Item type Audio-Visual Materials
Holdings
Price effective from Permanent location Date last seen Materials specified (bound volume or other part) Not for loan Date acquired Source of classification or shelving scheme Koha item type Collection code Shelving location Damaged status Lost status Withdrawn status Current location Full call number
2026-04-15Cagayan State University - Carig Library2026-04-152026-04-15 2026-04-15 Audio-Visual MaterialsElectronic Media CenterAudio Visual   Cagayan State University - Carig Library791.4572

Cagayan State University University Library, Carig Campus
Tuguegarao City, Cagayan 3500 | www.csucarig.edu.ph

Powered by Koha